000 01288nam0a22002771 4500
001 rc\2725916
005 20250806200856.0
035 _a(NLR Aleph) 006853395
090 _a7332
_c7332
100 _a20110915d1943 u y0rusy50 ca
101 0 _arus
102 _aRU
105 _ay z |||||
200 1 _aРуководящие указания по эксплоатации и ремонту думпкаров на открытых работах Наркомугля СССР
_fСоставитель: И. П. Пономарев
_gТех. отдел Наркомугля СССР. Дом инженера и техника им. Ф. Э. Дзержинского
210 _aМосква
_aЛенинград
_cГостоптехиздат
_d1943
_eМосква
215 _a16 с., без обл.
_d17 см.
300 _aНа 16-й стр. указан составитель: И. П. Пономарев
702 1 _aПономарев
_bИ.П.
_4220
710 0 1 _aСССР
_bНар. ком. угольной промышленности
_3RU\NLR\AUTH\889938452
801 0 _aRU
_bNLR
_gpsbo
801 1 _aRU
_bELAR
_2rusmarc
852 _aNLR
_jТ86 Г-2/95
942 _cBOOK
945 _aРоссийская национальная библиотека
980 _aNB
980 _aBV